[Event "Twente Young Master op-D"]
[Site "Twente"]
[Date "2007.08.07"]
[Round "3"]
[White "Turk, Casper"]
[Black "De Vries, Emma"]
[Result "0-1"]
[WhiteElo "971"]
[BlackElo "1314"]
[PlyCount "66"]
[EventDate "2007.08.06"]
[EventType "swiss"]
[EventRounds "13"]
[EventCountry "NED"]
[SourceTitle "EXT 2008"]
[Source "ChessBase"]
[SourceDate "2007.11.25"]
[SourceVersion "1"]
[SourceVersionDate "2007.11.25"]
[SourceQuality "1"]

1. e4 e5 2. Nc3 Nc6 3. Bc4 Bc5 4. Qf3 Nf6 5. Nd5 Nxd5 6. Bxd5 0-0 7. d3 Nd4 8. Qd1 c6 9. Bc4 d5 10. exd5 cxd5 11. Bb3 Be6 12. Nf3 Nc6 13. Ng5 Qb6 14. 0-0 h6 15. Nxe6 fxe6 16. Qe2 Rf6 17. Be3 Nd4 18. Bxd4 Bxd4 19. c3 Bc5 20. Rae1 Raf8 21. h3 Rxf2 22. Kh2 Rxe2 23. Rxf8+ Kxf8 24. Rxe2 Qb5 25. c4 dxc4 26. dxc4 Qc6 27. Re1 Qd6 28. Rf1+ Kg8 29. Kg3 e4+ 30. Kg4 e3 31. Kh5 e2 32. Re1 Qd2 33. Rxe2 Qg5# 0-1